Missing Word: Middle Names II Quiz Stats

 Plays Quiz Updated Jun 20, 2018

Challenge
Share
Tweet
Embed
Score 0/20 Timer 04:00
0 Plays Today
Name Missing Name % Correct
Jamie ____ CurtisLee
97.3%
Sarah ____ ParkerJessica
96.6%
Billy ____ CyrusRay
96.6%
Jennifer ____ HewittLove
94.2%
Lee ____ OswaldHarvey
90.5%
Neil ____ HarrisPatrick
89%
Sarah ___ GellarMichelle
84.9%
Hans ____ AndersenChristian
81.8%
Francis ____ KeyScott
76.5%
Frank ____ WrightLloyd
75.2%
Name Missing Name % Correct
Philip ____ HoffmanSeymour
65.8%
Sally ___ RaphaelJessy
65.4%
Lou ____ PhillipsDiamond
64.3%
Jonathan ____ ThomasTaylor
60.1%
David ____ PierceHyde
54.7%
Tiffani ____ ThiessenAmber
54.6%
Billy ____ WilliamsDee
54.3%
Seann ____ ScottWilliam
50%
Edward ____ OlmosJames
48.4%
Charles ____ ReillyNelson
41.8%

Today's Daily Dose

You're not logged in!

Compare scores with friends on all Sporcle quizzes.
OR
Log In

You Might Also Like...

Show Comments

Extras

Top Quizzes Today


Score Distribution

Your Account Isn't Verified!

In order to create a playlist on Sporcle, you need to verify the email address you used during registration. Go to your Sporcle Settings to finish the process.

Report this User

Report this user for behavior that violates our Community Guidelines.

Details: